000 00648nam a2200241Ia 4500
003 OSt
005 20220925200038.0
006 a|||||r|||| 00| 0
007 ta
008 220923b |||||||| |||| 00| 0 eng d
037 _cGeneral Book
040 _aRTL
_cRTL
_beng
041 _2eng
_aeng
082 _aS:7, K2
100 _aLeuba Clarence
245 0 _aPersonality
_b Interpersonal relations and self-und
260 _aColumbus
_bMerrill
_c1962
300 _aviii,87p
_ccm.
650 _a Psychology
650 _aPersonality
_933018
942 _hS:7, K2
_cGB
_2CC
999 _c535241
_d535241